La batalla de cien años : historia del psicoanálisis en Francia : 1925-1985 /

Uloženo v:
Podrobná bibliografie
Hlavní autor: Roudinesco, Elisabeth (autor)
Médium: Kniha
Jazyk:španělština
Vydáno: Madrid, España : Fundamentos, 1993, c1993
Edice:(Ciencia. Psicoanálisis y Psicoterapia de Grupo ; 156)
Témata:
Tagy: Přidat tag
Žádné tagy, Buďte první, kdo vytvoří štítek k tomuto záznamu!

MARC

LEADER 00000nam^a2200000^a^4500
001 000048380
005 20250521000000.0
009 20260310090124.745
020 |a 84-245-0644-8 
037 |a Acervo ITESO - Biblioteca 
041 |a ESP 
082 |a 150. 195  |b ROU V. 2 
100 |a Roudinesco, Elisabeth  |e (autor) 
240 1 4 |a [La batalla de cien años] 
245 1 3 |a La batalla de cien años :  |b historia del psicoanálisis en Francia : 1925-1985 /  |c E. Roudinesco ; tr. por Ana Elena Guyer. 
264 4 |a Madrid, España :  |b Fundamentos,  |c 1993, c1993 
300 |a 392 p. 
336 |a texto  |b txt  |2 rdacontenido 
337 |a sin mediación  |b n  |2 rdamedio 
338 |a volumen  |b nc  |2 rdasoporte 
440 1 |a (Ciencia.  |p Psicoanálisis y Psicoterapia de Grupo ;  |v 156) 
500 |a Traducción de: La bataille de cent ans. Histoire de la psychanalyse en France 
649 |a XX 
650 |a Escuela Francesa de Psicoanálisis -  |x Tema Principal 
650 |a Psicoanálisis -  |z Francia -  |x Historia 
650 |a Psicoanálisis -  |x Historia 
910 |a Fondo General 
920 |a Impresos - Libros 
930 |a Colección General 
905 |a 101 
901 |a 0500004239  |b IT1  |c ACC  |u 20250521 
902 |a https://opac.biblio.iteso.mx/vufind/Record/000048380